00623 2200217 4500001002100000005001700021008004100038020002200079035002500101041000800126043001200134090001800146100001700164245009900181250001100280260003400291300002600325650002400351850001200375990001800387YOGYA-0211000000334720150330100358.0 ind  a978-979-25-3946-2 a0010-021100000003347 aIND aYOPDYOG a297.122 Tha F aTHALHAS, T.H aFokus isi dan makna Al-Qur an (Jalan pintas memahami substansi global Al-Qur an)cT.H. Thalhas aCet. 1 aJakartabGalura Pasec2008c0 axiv, 366 hlm.c21 cm. aIsi makna Al-Qur an aYOPDYOG a40738-PD/A.10